000 00388nam a2200157Ia 4500
008 160316s1998 xxu||||| |||| 00| 0 eng d
082 _a1.200000
_bIND
100 _a
245 _aIndia 1998 : A reference manual
250 _a
260 _aNew Delhi
_bPublication Division
_c1998
300 _a784p
_b
_c
365 _bRs.220
650 _a1. India - Reference Manual
700 _a
_a
999 _c11994
_d11994